Introducción a la sociología: una perspectiva humanística /
El texto habla sobre la sociología como pasatiempo, como conciencia. Hace dos apéndices explicativos: el primero sobre la alternación y la biografía(Cómo adquirir un pasado fabricado de antemano), el segundo sobre el Maquiavelismo y ética sociológicos (Cómo adquirir escrúpulos y mantener el engaño),...
Salvato in:
| Autore principale: | |
|---|---|
| Altri autori: | |
| Natura: | testo |
| Lingua: | Spanish |
| Pubblicazione: |
México, D.F. :
LIMUSA-WILEY
1967
|
| Edizione: | Tercera edición |
| Soggetti: | |
| Tags: |
Aggiungi Tag
Nessun Tag, puoi essere il primo ad aggiungerne!!
|
MARC
| LEADER | 00000 a a2200000 04500 | ||
|---|---|---|---|
| 001 | 38958 | ||
| 003 | cru CIDCACS/IIS | ||
| 005 | 20240711133600.0 | ||
| 008 | 240711b1973 mx ||||| |||| 00| 0 spa d | ||
| 040 | |a cru CIDCACS/IIS |c cru CIDCACS/IIS |b spa | ||
| 090 | |a SO 05.01.01 B496i 3ed | ||
| 100 | |a Berger, Peter L. | ||
| 245 | |a Introducción a la sociología: |b una perspectiva humanística / |c Peter L. Berger |h [impreso] | ||
| 250 | |a Tercera edición | ||
| 260 | |a México, D.F. : |b LIMUSA-WILEY |c 1967 | ||
| 300 | |a 269 páginas | ||
| 500 | |a Titulo original: Invitation to sociology: Humanistic perspective | ||
| 520 | |a El texto habla sobre la sociología como pasatiempo, como conciencia. Hace dos apéndices explicativos: el primero sobre la alternación y la biografía(Cómo adquirir un pasado fabricado de antemano), el segundo sobre el Maquiavelismo y ética sociológicos (Cómo adquirir escrúpulos y mantener el engaño),. Aborda perspectivas de la sociología, del hombre en la sociedad , la sociedad en el hombre, el drama de la sociedad. Al final hace hincapié en la sociología como disciplina humanista | ||
| 650 | |a SOCIOLOGIA |0 TESAUROS |2 TESAUROS | ||
| 650 | |a SOCIEDAD |0 TESAUROS |2 TESAUROS | ||
| 650 | |a ETICA |0 TESAUROS |2 TESAUROS | ||
| 700 | |a Galofre Llanos, Sara |4 traductor | ||
| 700 | |a | ||
| 942 | |2 z |c LI |h SO 05.01.01 B496i 3ed |6 SO_050101_B496I_3ED | ||
| 999 | |c 45910 |d 45910 | ||
